Statistics for Countries, Capitals, States, State Capitals by Letter - A

Click here to take the quiz!

General Stats

  • This quiz has been taken 217 times
    (206 since last reset)
  • The average score is 29 of 36

Answer Stats

AnswerAnswer% Correct
Australia
98%
Argentina
97%
Austria
97%
Andorra
96%
CountryAfghanistan
95%
Armenia
95%
Azerbaijan
95%
US StateAlabama
93%
Alaska
93%
Algeria
93%
Albania
92%
Angola
91%
Arizona
91%
Arkansas
91%
Antigua and Barbuda
85%
Amsterdam
83%
Algiers
78%
Andorra la Vella
77%
Accra
76%
Ankara
76%
Amman
75%
Athens
75%
Astana
74%
Austin
74%
Addis Ababa
72%
Asunción
72%
Abuja
70%
Antananarivo
70%
Atlanta
70%
US State CapitalsAlbany
68%
CapitalAbu Dhabi
67%
Apia
63%
Asmara
63%
Augusta
60%
Ashgabat
59%
Annapolis
57%

Score Distribution

Percentile by Number Answered

Percent of People with Each Score

Your Score History

You have not taken this quiz since the last reset